[Event "Madrid-chT 2425"]
[Site "Madrid"]
[Date "2025.02.23"]
[Round "11.1"]
[White "Plazuelo Pascual, Juan"]
[Black "Blanco Diez, David"]
[Result "1/2-1/2"]
[WhiteElo "2443"]
[BlackElo "2290"]
[PlyCount "43"]
[GameId "2154865535202154"]
[EventDate "2024.11.24"]
[EventType "team-tourn"]
[EventRounds "14"]
[EventCountry "ESP"]
[SourceVersionDate "2011.03.15"]
[WhiteTeam "Alcorcon Diagonal"]
[BlackTeam "Jaque Mate"]
[WhiteTeamCountry "ESP"]
[BlackTeamCountry "ESP"]

1. e4 e5 2. Nf3 Nc6 3. Bc4 Bc5 4. d3 Nf6 5. Bg5 h6 6. Bh4 Be7 7. Bg3 d6 8. a4 O-O 9. Nbd2 Kh8 10. Nf1 Nd4 11. Nxd4 exd4 12. Nd2 Bg4 13. f3 Be6 14. O-O d5 15. Bb3 c5 16. Bh4 Rc8 17. Bxf6 Bxf6 18. exd5 Bxd5 19. Bxd5 Qxd5 20. f4 Bd8 21. f5 Bg5 22. Ne4 1/2-1/2

[Event "Madrid-chT 2425"]
[Site "Madrid"]
[Date "2025.02.23"]
[Round "11.2"]
[White "Lopez Mijail, Nicolas"]
[Black "Horcajuelo Rocamora, Martin"]
[Result "1/2-1/2"]
[WhiteElo "2264"]
[BlackElo "2367"]
[PlyCount "67"]
[GameId "2148921763025881"]
[EventDate "2024.11.24"]
[EventType "team-tourn"]
[EventRounds "14"]
[EventCountry "ESP"]
[SourceVersionDate "2011.03.15"]
[WhiteTeam "Jaque Mate"]
[BlackTeam "Alcorcon Diagonal"]
[WhiteTeamCountry "ESP"]
[BlackTeamCountry "ESP"]

1. e4 c5 2. Nf3 d6 3. d4 cxd4 4. Qxd4 Nc6 5. Qe3 g6 6. Be2 Bg7 7. O-O Nf6 8. h3 O-O 9. Rd1 Bd7 10. c4 Rc8 11. Nc3 Qe8 12. Rb1 Be6 13. b3 Nd7 14. Ng5 h6 15. Nf3 f5 16. exf5 Bxf5 17. Bd3 Nde5 18. Nxe5 Nxe5 19. Bxf5 Rxf5 20. Nd5 e6 21. Nc3 d5 22. cxd5 Rxc3 23. Qxc3 Nf3+ 24. Qxf3 Rxf3 25. gxf3 exd5 26. Be3 Qd7 27. Rd3 Qxh3 28. Rxd5 Qxf3 29. Rd8+ Kh7 30. Rc1 g5 31. Rc7 Qg4+ 32. Kh2 Qh4+ 33. Kg1 Qg4+ 34. Kh2 1/2-1/2

[Event "Madrid-chT 2425"]
[Site "Madrid"]
[Date "2025.02.23"]
[Round "11.3"]
[White "Ortega Ruiz, Jose Miguel"]
[Black "Torres Rebolledo, Alvaro"]
[Result "0-1"]
[WhiteElo "2349"]
[BlackElo "2266"]
[PlyCount "48"]
[GameId "2148922701702112"]
[EventDate "2024.11.24"]
[EventType "team-tourn"]
[EventRounds "14"]
[EventCountry "ESP"]
[SourceVersionDate "2011.03.15"]
[WhiteTeam "Alcorcon Diagonal"]
[BlackTeam "Jaque Mate"]
[WhiteTeamCountry "ESP"]
[BlackTeamCountry "ESP"]

1. Nf3 Nf6 2. g3 b6 3. Bg2 Bb7 4. O-O g6 5. d3 d5 6. c4 d4 7. b4 Bg7 8. a4 c5 9. a5 O-O 10. Nbd2 cxb4 11. Nb3 Nfd7 12. Bd2 Na6 13. axb6 axb6 14. Qe1 Ndc5 15. Rb1 Na4 16. Bxb4 Nxb4 17. Qxb4 Nc3 18. Ra1 Nxe2+ 19. Kh1 Nc3 20. Rxa8 Qxa8 21. Ra1 Na2 22. Rxa2 Qxa2 23. Nfd2 Bxg2+ 24. Kxg2 Qa7 0-1

[Event "Madrid-chT 2425"]
[Site "Madrid"]
[Date "2025.02.23"]
[Round "11.4"]
[White "Fernandez Estremera, Fernando"]
[Black "Neagu, Roberto Florin"]
[Result "0-1"]
[WhiteElo "2139"]
[BlackElo "2197"]
[PlyCount "80"]
[GameId "2149076137755667"]
[EventDate "2024.11.24"]
[EventType "team-tourn"]
[EventRounds "14"]
[EventCountry "ESP"]
[SourceVersionDate "2011.03.15"]
[WhiteTeam "Jaque Mate"]
[BlackTeam "Alcorcon Diagonal"]
[WhiteTeamCountry "ESP"]
[BlackTeamCountry "ESP"]

{[%evp 0,37,21,39,11,-4,20,0,17,20,40,35,41,37,23,16,17,16,22,7,9,-45,44,40,-21,-37,-6,0,-40,-41,-20,-42,-41,-142,-55,-90,-63,-121,-38,-101]} 1. d4 d5 2. Nc3 Nf6 3. Bg5 e6 4. e4 Bb4 5. e5 h6 6. Bd2 Bxc3 7. bxc3 Ne4 8. Qg4 Kf8 9. Bd3 Nxd2 10. Kxd2 Qg5+ 11. Qxg5 hxg5 12. c4 dxc4 13. Bxc4 c5 14. c3 Nc6 15. Ke3 b6 16. Nf3 Bb7 17. Bd3 g4 18. Nd2 cxd4+ 19. cxd4 Nb4 20. Be4 Bxe4 21. Kxe4 Rc8 22. Rac1 Ke7 23. a3 Nd5 24. Nc4 f5+ 25. exf6+ gxf6 26. a4 a6 27. Ne3 Nc3+ 28. Kd3 Nxa4 29. Nxg4 Nb2+ 30. Ke3 Nc4+ 31. Ke2 a5 32. h4 b5 33. h5 b4 34. h6 a4 35. Ne3 Nxe3 36. fxe3 b3 37. Rxc8 Rxc8 38. h7 b2 39. g4 a3 40. d5 a2 0-1

[Event "Madrid-chT 2425"]
[Site "Madrid"]
[Date "2025.02.23"]
[Round "11.5"]
[White "Machado la Rosa, Ariel"]
[Black "Serrano Ruiz, Miguel"]
[Result "1-0"]
[WhiteElo "2212"]
[BlackElo "2024"]
[PlyCount "119"]
[GameId "2149070499431399"]
[EventDate "2024.11.24"]
[EventType "team-tourn"]
[EventRounds "14"]
[EventCountry "ESP"]
[SourceVersionDate "2011.03.15"]
[WhiteTeam "Alcorcon Diagonal"]
[BlackTeam "Jaque Mate"]
[WhiteTeamCountry "ESP"]
[BlackTeamCountry "ESP"]

{[%evp 0,59,18,27,19,62,13,32,23,17,34,23,31,9,7,15,11,-8,-9,-19,18,1,24,10,14,16,47,-49,32,78,34,17,34,34,29,31,87,65,45,55,63,64,103,106,75,91,90,103,128,275,87,125,111,190,142,173,162,277,169,71,-73,70]} 1. e4 c5 2. Nf3 e6 3. d4 cxd4 4. Nxd4 a6 5. Bd3 Nc6 6. Nb3 Nf6 7. O-O d5 8. N1d2 Ne5 9. Qe2 Nxd3 10. cxd3 a5 11. e5 Nd7 12. Nf3 b6 13. Nbd4 Ba6 14. Bg5 Qc7 15. Rac1 Nc5 16. Rfd1 Qb7 17. h4 Be7 18. b3 Bxg5 19. hxg5 O-O 20. a3 Qd7 21. Qe3 Rfc8 22. b4 Na4 23. Qd2 Bb5 24. Rxc8+ Rxc8 25. bxa5 Rc3 26. Rb1 Bxd3 27. Rxb6 Qc7 28. Rb4 Rxa3 29. Rxa4 Rxa4 30. Qxd3 Rxa5 31. Qb3 Ra8 32. Kh2 g6 33. Qe3 Qe7 34. Kg3 Ra4 35. Qf4 Qc5 36. Nxe6 Rxf4 37. Nxc5 Rc4 38. Nd7 d4 39. Nf6+ Kg7 40. Ne4 Ra4 41. Kf4 h6 42. gxh6+ Kxh6 43. g4 Kg7 44. g5 Rb4 45. Nc5 Rb2 46. Nd3 Ra2 47. Nxd4 Ra1 48. Ke4 Ra8 49. f4 Ra1 50. e6 fxe6 51. Nxe6+ Kf7 52. Nd4 Ra4 53. Ne5+ Kg7 54. Kd5 Ra5+ 55. Kd6 Ra6+ 56. Ke7 Ra7+ 57. Nd7 Kh7 58. Ne6 Rb7 59. Kf6 Kg8 60. Ne5 1-0

[Event "Madrid-chT 2425"]
[Site "Madrid"]
[Date "2025.02.23"]
[Round "11.6"]
[White "Serrano Ruiz, Lope"]
[Black "Aguilera Lopez, Alejandro"]
[Result "1-0"]
[WhiteElo "2012"]
[BlackElo "2169"]
[PlyCount "105"]
[GameId "2149073956824049"]
[EventDate "2024.11.24"]
[EventType "team-tourn"]
[EventRounds "14"]
[EventCountry "ESP"]
[SourceVersionDate "2011.03.15"]
[WhiteTeam "Jaque Mate"]
[BlackTeam "Alcorcon Diagonal"]
[WhiteTeamCountry "ESP"]
[BlackTeamCountry "ESP"]

{[%evp 0,35,16,24,45,-13,89,-18,-34,-16,-17,-34,12,-107,2,2,-9,-4,-11,7,1,-16,-16,-155,-25,-32,-37,-31,35,92,83,198,109,116,83,83,83,105]} 1. e4 c5 2. b4 cxb4 3. a3 e5 4. Nf3 Nc6 5. Bb2 bxa3 6. Nxa3 d6 7. d4 Nf6 8. dxe5 dxe5 9. Qxd8+ Kxd8 10. Ng5 Be6 11. O-O-O+ Kc7 12. Nxe6+ fxe6 13. f3 a6 14. Nc4 Nd7 15. Rxd7+ Kxd7 16. Nb6+ Kd8 17. Nxa8 Bc5 18. Bc4 Kc8 19. Rd1 Kb8 20. Rd7 Kxa8 21. Bxe6 Rd8 22. Rxd8+ Nxd8 23. Bg8 Nc6 24. Bxh7 a5 25. Bg8 Ka7 26. c3 a4 27. Kc2 Bd6 28. h4 b5 29. Bc1 Kb6 30. g4 b4 31. cxb4 Nd4+ 32. Kd3 Nxf3 33. Kc4 Nxh4 34. Bf7 Nf3 35. Be8 a3 36. Bxa3 Be7 37. Bc1 g5 38. Be3+ Nd4 39. b5 Bf6 40. Kd5 Kc7 41. Bxd4 exd4 42. e5 Be7 43. Kxd4 Bb4 44. Kd5 Be7 45. Ke6 Kd8 46. b6 Bc5 47. b7 Kc7 48. Bc6 Ba7 49. Bd5 Bd4 50. Kf5 Bc3 51. e6 Bb4 52. Kxg5 Bd6 53. Kf6 1-0

[Event "Madrid-chT 2425"]
[Site "Madrid"]
[Date "2025.02.23"]
[Round "11.2"]
[White "Palenciano Escolar, Adrian"]
[Black "Alfaya Marcelo, Roberto"]
[Result "0-1"]
[WhiteElo "2146"]
[BlackElo "2225"]
[PlyCount "54"]
[GameId "2149076225242173"]
[EventDate "2024.11.24"]
[EventType "team-tourn"]
[EventRounds "14"]
[EventCountry "ESP"]
[SourceVersionDate "2011.03.15"]
[WhiteTeam "Alcala de Henares"]
[BlackTeam "San Sebastian de los Reyes"]
[WhiteTeamCountry "ESP"]
[BlackTeamCountry "ESP"]

1. d4 Nf6 2. Bg5 d5 3. Bxf6 exf6 4. e3 Bd6 5. g3 c6 6. Bg2 f5 7. Ne2 Nd7 8. Nd2 Nf6 9. c4 dxc4 10. O-O O-O 11. Nxc4 Bc7 12. Qc2 Qe7 13. Rfd1 g6 14. Nc3 Be6 15. Nd2 Kg7 16. Nb3 Rad8 17. Nc5 Bc8 18. b4 Bd6 19. a3 h5 20. h4 Bxg3 21. fxg3 Qxe3+ 22. Qf2 Qxc3 23. Na4 Qc4 24. Nc5 Rfe8 25. Rac1 Qe2 26. Bf3 Qe3 27. a4 Rxd4 0-1

[Event "Madrid-chT 2425"]
[Site "Madrid"]
[Date "2025.02.23"]
[Round "11.3"]
[White "Martinez Fernandez, Raul"]
[Black "Gomez Gonzalez, Javier"]
[Result "1/2-1/2"]
[WhiteElo "2181"]
[BlackElo "2093"]
[PlyCount "38"]
[GameId "2149077015172164"]
[EventDate "2024.11.24"]
[EventType "team-tourn"]
[EventRounds "14"]
[EventCountry "ESP"]
[SourceVersionDate "2011.03.15"]
[WhiteTeam "San Sebastian de los Reyes"]
[BlackTeam "Alcala de Henares"]
[WhiteTeamCountry "ESP"]
[BlackTeamCountry "ESP"]

1. e4 c5 2. Nf3 d6 3. d4 cxd4 4. Nxd4 Nf6 5. Nc3 a6 6. Be3 e6 7. f3 b5 8. Qd2 Nbd7 9. g4 Ne5 10. b3 h6 11. h3 Bb7 12. Bg2 Ng6 13. h4 Nxh4 14. Rxh4 Nxe4 15. Nxe4 Qxh4+ 16. Bf2 Qd8 17. a4 e5 18. Ng3 b4 19. Nde2 Rc8 1/2-1/2

[Event "Madrid-chT 2425"]
[Site "Madrid"]
[Date "2025.02.23"]
[Round "11.5"]
[White "Hernandez Ramos, David"]
[Black "Candela Martin, Alvaro"]
[Result "1-0"]
[WhiteElo "2141"]
[BlackElo "2015"]
[PlyCount "67"]
[GameId "2149079164286046"]
[EventDate "2024.11.24"]
[EventType "team-tourn"]
[EventRounds "14"]
[EventCountry "ESP"]
[SourceVersionDate "2011.03.15"]
[WhiteTeam "San Sebastian de los Reyes"]
[BlackTeam "Alcala de Henares"]
[WhiteTeamCountry "ESP"]
[BlackTeamCountry "ESP"]

1. d4 d5 2. c4 e6 3. Nc3 c6 4. Nf3 dxc4 5. a4 Bb4 6. e4 b5 7. Be2 Bb7 8. O-O a6 9. Bg5 Ne7 10. Qc2 O-O 11. Rfd1 h6 12. Bh4 Re8 13. g4 Bxc3 14. bxc3 Nd7 15. Bg3 Qc8 16. Rab1 Nb6 17. g5 hxg5 18. Nxg5 Nxa4 19. Bxc4 c5 20. d5 exd5 21. Bf1 dxe4 22. c4 Qf5 23. h4 Bc6 24. Bh3 Qf6 25. Rd6 Qc3 26. Qe2 g6 27. h5 f6 28. hxg6 fxg5 29. Qh5 Qg7 30. Be5 Nxg6 31. Bxg7 Nf4 32. Qh8+ Kf7 33. Qh7 Nxh3+ 34. Qxh3 1-0

[Event "Madrid-chT 2425"]
[Site "Madrid"]
[Date "2025.02.23"]
[Round "11.6"]
[White "Eftimie, Karl"]
[Black "Diaz Duarte, Rossner"]
[Result "0-1"]
[WhiteElo "1626"]
[BlackElo "1960"]
[PlyCount "46"]
[GameId "2149093458367589"]
[EventDate "2024.11.24"]
[EventType "team-tourn"]
[EventRounds "14"]
[EventCountry "ESP"]
[SourceVersionDate "2011.03.15"]
[WhiteTeam "Alcala de Henares"]
[BlackTeam "San Sebastian de los Reyes"]
[WhiteTeamCountry "ESP"]
[BlackTeamCountry "ESP"]

1. e4 e5 2. Nf3 Nc6 3. Bc4 Be7 4. d3 Nf6 5. h3 d6 6. Be3 O-O 7. Nbd2 d5 8. exd5 Nxd5 9. O-O Kh8 10. Re1 a6 11. Nf1 f5 12. Bd2 Bf6 13. Ng3 g6 14. Bg5 Nf4 15. h4 Qd6 16. Qd2 Bg7 17. Ne2 Nxe2+ 18. Qxe2 f4 19. h5 gxh5 20. Nh4 Bg4 21. Qe4 Nd4 22. f3 Bf5 23. Nxf5 Nxf5 0-1

[Event "Madrid-chT 2425"]
[Site "Madrid"]
[Date "2025.03.01"]
[Round "12.1"]
[White "Elissalt Cardenas, Hector"]
[Black "Martinez Reyes, Pedro Ramon"]
[Result "0-1"]
[WhiteElo "2310"]
[BlackElo "2362"]
[PlyCount "60"]
[GameId "2151575189418251"]
[EventDate "2024.11.24"]
[EventType "team-tourn"]
[EventRounds "14"]
[EventCountry "ESP"]
[SourceVersionDate "2011.03.15"]
[WhiteTeam "Tajamar"]
[BlackTeam "Blanco y Negro"]
[WhiteTeamCountry "ESP"]
[BlackTeamCountry "ESP"]

1. d4 d5 2. c4 e6 3. Nc3 Bb4 4. cxd5 exd5 5. Qa4+ Nc6 6. e3 Nf6 7. Bd2 O-O 8. Bd3 Bd7 9. Qc2 Bd6 10. a3 Re8 11. Nge2 Ne7 12. f3 Ng6 13. O-O c5 14. Bf5 b6 15. Rad1 Qc7 16. Bxd7 Qxd7 17. Bc1 Rad8 18. h3 Bb8 19. Rf2 Qc7 20. g3 cxd4 21. Rxd4 a6 22. Nf4 b5 23. Nd1 Qe5 24. Bd2 Ba7 25. Bc3 Bxd4 26. Bxd4 Qd6 27. b3 Ne5 28. Kg2 Qxa3 29. Rd2 Rc8 30. Qf5 Qc1 0-1

[Event "Madrid-chT 2425"]
[Site "Madrid"]
[Date "2025.03.01"]
[Round "12.2"]
[White "Taboas Rodriguez, Daniel"]
[Black "Abbasifar, Hasan"]
[Result "1-0"]
[WhiteElo "2340"]
[BlackElo "2295"]
[PlyCount "53"]
[GameId "2151611906240786"]
[EventDate "2024.11.24"]
[EventType "team-tourn"]
[EventRounds "14"]
[EventCountry "ESP"]
[SourceVersionDate "2011.03.15"]
[WhiteTeam "Blanco y Negro"]
[BlackTeam "Tajamar"]
[WhiteTeamCountry "ESP"]
[BlackTeamCountry "ESP"]

1. d4 Nf6 2. Nf3 e6 3. c4 c5 4. d5 b5 5. Bg5 exd5 6. cxd5 h6 7. Bxf6 Qxf6 8. Qc2 c4 9. e4 Bb4+ 10. Nc3 d6 11. a4 O-O 12. axb5 Re8 13. Bxc4 Qg6 14. O-O Bh3 15. Ne1 Nd7 16. Kh1 Ne5 17. Be2 Bg4 18. f3 Bd7 19. Nd3 Nxd3 20. Bxd3 Qh5 21. Ra6 Bc5 22. Na4 Bd4 23. Rxd6 Rac8 24. Qd2 Re7 25. f4 Bg4 26. Rc6 Rd8 27. Qb4 1-0

[Event "Madrid-chT 2425"]
[Site "Madrid"]
[Date "2025.03.01"]
[Round "12.3"]
[White "Mkrtchyan, Levon"]
[Black "Hidalgo Duque, Carlos"]
[Result "1-0"]
[WhiteElo "2266"]
[BlackElo "2300"]
[PlyCount "85"]
[GameId "2151614745227548"]
[EventDate "2024.11.24"]
[EventType "team-tourn"]
[EventRounds "14"]
[EventCountry "ESP"]
[SourceVersionDate "2011.03.15"]
[WhiteTeam "Tajamar"]
[BlackTeam "Blanco y Negro"]
[WhiteTeamCountry "ESP"]
[BlackTeamCountry "ESP"]

1. e4 c5 2. Nf3 d6 3. d4 cxd4 4. Nxd4 Nf6 5. Nc3 a6 6. Bg5 e6 7. f4 Be7 8. Qf3 Qc7 9. O-O-O Nbd7 10. g4 b5 11. Bxf6 Nxf6 12. g5 Nd7 13. f5 O-O 14. Rg1 b4 15. Nce2 e5 16. f6 exd4 17. fxe7 Re8 18. Nf4 Bb7 19. Nh5 Rxe7 20. Bd3 Re5 21. h4 Nc5 22. Rg4 Rc8 23. Kb1 Nxd3 24. Qxd3 Qc4 25. Qxc4 Rxc4 26. b3 Rc8 27. Rxd4 a5 28. Ng3 Rec5 29. Nf5 R8c7 30. Rxd6 h5 31. gxh6 g6 32. Ne3 Kh7 33. Rf4 Kxh6 34. e5 Bc8 35. Nd5 Ra7 36. Rc4 Rxc4 37. bxc4 Kh5 38. c5 Kxh4 39. c6 Be6 40. c7 Ra8 41. Nb6 Rg8 42. Rd8 Rg7 43. Nd7 1-0

[Event "Madrid-chT 2425"]
[Site "Madrid"]
[Date "2025.03.01"]
[Round "12.4"]
[White "Alarcia Astiz, Carlos"]
[Black "Rodriguez Avila, Alvaro"]
[Result "1/2-1/2"]
[WhiteElo "2254"]
[BlackElo "2223"]
[PlyCount "59"]
[GameId "2151634272231718"]
[EventDate "2024.11.24"]
[EventType "team-tourn"]
[EventRounds "14"]
[EventCountry "ESP"]
[SourceVersionDate "2011.03.15"]
[WhiteTeam "Blanco y Negro"]
[BlackTeam "Tajamar"]
[WhiteTeamCountry "ESP"]
[BlackTeamCountry "ESP"]

1. e4 c5 2. Nf3 d6 3. d4 cxd4 4. Nxd4 Nf6 5. Nc3 Nc6 6. f4 g6 7. Nf3 Bg7 8. Bd3 Qb6 9. Qe2 O-O 10. Rb1 e5 11. Be3 Nd4 12. Qd2 Bg4 13. Qf2 Bxf3 14. gxf3 Bh6 15. Bxd4 exd4 16. Ne2 Nh5 17. Qxd4 Qxd4 18. Nxd4 Nxf4 19. Nb5 a6 20. Nc3 Rfe8 21. Bc4 Rac8 22. Bb3 Bg7 23. Ne2 Ne6 24. Kf2 Nc5 25. Bd5 Rc7 26. Rhd1 Be5 27. h3 Na4 28. c3 Nb6 29. Bb3 Nc4 30. Nc1 1/2-1/2

[Event "Madrid-chT 2425"]
[Site "Madrid"]
[Date "2025.03.01"]
[Round "12.5"]
[White "Rodriguez Lopez, David"]
[Black "Renteria Becerra, Jorge Elicer"]
[Result "1/2-1/2"]
[WhiteElo "2183"]
[BlackElo "2194"]
[PlyCount "57"]
[GameId "2151635132977453"]
[EventDate "2024.11.24"]
[EventType "team-tourn"]
[EventRounds "14"]
[EventCountry "ESP"]
[SourceVersionDate "2011.03.15"]
[WhiteTeam "Tajamar"]
[BlackTeam "Blanco y Negro"]
[WhiteTeamCountry "ESP"]
[BlackTeamCountry "ESP"]

1. e4 c5 2. c3 Nf6 3. e5 Nd5 4. d4 cxd4 5. Nf3 e6 6. cxd4 b6 7. Bd3 Ba6 8. O-O Be7 9. Re1 Bxd3 10. Qxd3 O-O 11. Nc3 Nxc3 12. bxc3 d6 13. Qe4 Nd7 14. Qg4 Kh8 15. Bg5 Bxg5 16. Nxg5 h6 17. Nf3 dxe5 18. Nxe5 Nxe5 19. Rxe5 Rc8 20. Qf3 Rc4 21. h3 Qc7 22. Rxe6 Rxc3 23. Re3 Rc2 24. Re2 Rc3 25. Qe4 Rd8 26. Rd1 Rc1 27. Red2 Qc4 28. Qe7 Rxd1+ 29. Rxd1 1/2-1/2

[Event "Madrid-chT 2425"]
[Site "Madrid"]
[Date "2025.03.01"]
[Round "12.6"]
[White "Bento Iglesias, Pablo"]
[Black "Lazaro Azcutia, Miguel"]
[Result "0-1"]
[WhiteElo "2021"]
[BlackElo "2224"]
[PlyCount "111"]
[GameId "2151635951337780"]
[EventDate "2024.11.24"]
[EventType "team-tourn"]
[EventRounds "14"]
[EventCountry "ESP"]
[SourceVersionDate "2011.03.15"]
[WhiteTeam "Blanco y Negro"]
[BlackTeam "Tajamar"]
[WhiteTeamCountry "ESP"]
[BlackTeamCountry "ESP"]

1. d4 d5 2. c4 e6 3. Nf3 Nf6 4. g3 Be7 5. Bg2 O-O 6. O-O c6 7. Qc2 b6 8. Rd1 Bb7 9. Bf4 Nbd7 10. Nbd2 Nh5 11. Be3 Rc8 12. Rac1 h6 13. g4 Nhf6 14. h3 c5 15. g5 hxg5 16. Nxg5 b5 17. b3 Ba6 18. dxc5 bxc4 19. b4 Qc7 20. Ndf3 Rfe8 21. Rd4 Bd8 22. Rh4 Nf8 23. a4 Ng6 24. b5 Nxh4 25. Nxh4 Bb7 26. c6 Bxc6 27. bxc6 Qxc6 28. Bxa7 Ra8 29. Bd4 Qxa4 30. Qd2 e5 31. Ra1 Qc6 32. Rxa8 Qxa8 33. Bc3 Qc6 34. Nf5 Bb6 35. Nxf7 Kxf7 36. Qg5 Rg8 37. Bxe5 c3 38. Bxf6 Qxf6 39. Bxd5+ Kf8 40. Qf4 c2 41. Qb4+ Ke8 42. Bc6+ Kf7 43. Qc4+ Qe6 44. Qxc2 Rc8 45. Qb2 Rxc6 46. Qxg7+ Ke8 47. Qh8+ Kd7 48. Qg7+ Kd8 49. Qg5+ Kc7 50. Ne7 Rc5 51. Qg7 Qd7 52. Qg3+ Kb7 53. Qf3+ Kb8 54. Qe3 Qc7 55. Qe6 Rg5+ 56. Kh1 0-1

[Event "Madrid-chT 2425"]
[Site "Madrid"]
[Date "2025.03.02"]
[Round "12.1"]
[White "Candela Perez, Jose"]
[Black "Plazuelo Pascual, Juan"]
[Result "1/2-1/2"]
[WhiteElo "2291"]
[BlackElo "2447"]
[PlyCount "48"]
[GameId "2154865535202155"]
[EventDate "2024.11.24"]
[EventType "team-tourn"]
[EventRounds "14"]
[EventCountry "ESP"]
[SourceVersionDate "2011.03.15"]
[WhiteTeam "Alcala de Henares"]
[BlackTeam "Alcorcon Diagonal"]
[WhiteTeamCountry "ESP"]
[BlackTeamCountry "ESP"]

1. c4 e6 2. g3 d5 3. Bg2 a6 4. Nf3 dxc4 5. O-O Nf6 6. Qc2 c5 7. a4 b6 8. Na3 Bb7 9. Nxc4 Nbd7 10. b3 Be7 11. Bb2 O-O 12. Rac1 h6 13. Qb1 b5 14. Nce5 Bd5 15. Nxd7 Qxd7 16. Bxf6 gxf6 17. axb5 Qxb5 18. d3 Qxb3 19. Qxb3 Bxb3 20. Nd2 Bd5 21. Nc4 Rfb8 22. Ra1 Bxg2 23. Kxg2 Bd8 24. Ra3 a5 1/2-1/2

[Event "Madrid-chT 2425"]
[Site "Madrid"]
[Date "2025.03.02"]
[Round "12.2"]
[White "Horcajuelo Rocamora, Martin"]
[Black "Gomez Gonzalez, Javier"]
[Result "1/2-1/2"]
[WhiteElo "2372"]
[BlackElo "2089"]
[PlyCount "70"]
[GameId "2151966507745533"]
[EventDate "2024.11.24"]
[EventType "team-tourn"]
[EventRounds "14"]
[EventCountry "ESP"]
[SourceVersionDate "2011.03.15"]
[WhiteTeam "Alcorcon Diagonal"]
[BlackTeam "Alcala de Henares"]
[WhiteTeamCountry "ESP"]
[BlackTeamCountry "ESP"]

1. d4 Nf6 2. c4 e6 3. Nf3 b6 4. Bf4 Bb7 5. e3 Be7 6. Nc3 O-O 7. Bd3 d5 8. cxd5 exd5 9. O-O c6 10. Ne5 Nbd7 11. Rc1 g6 12. h3 Nh5 13. Bh2 Nxe5 14. Bxe5 Qd7 15. Qf3 f6 16. Bh2 f5 17. Nxd5 Bd6 18. Bxd6 Qxd6 19. Nc3 Rae8 20. g3 Re7 21. Rcd1 Kg7 22. Qg2 b5 23. Be2 b4 24. Na4 c5 25. Bf3 Bxf3 26. Qxf3 c4 27. Nc5 Nf6 28. Rc1 Ne4 29. Rxc4 Nd2 30. Qe2 Nxc4 31. Qxc4 Rxe3 32. fxe3 Qxg3+ 33. Kh1 Qxh3+ 34. Kg1 Qg3+ 35. Kh1 Qh3+ 1/2-1/2

[Event "Madrid-chT 2425"]
[Site "Madrid"]
[Date "2025.03.02"]
[Round "12.4"]
[White "Bravo De la Vega, Alvaro"]
[Black "Candela Martin, Alvaro"]
[Result "1-0"]
[WhiteElo "2243"]
[BlackElo "2003"]
[PlyCount "111"]
[GameId "2151969291186436"]
[EventDate "2024.11.24"]
[EventType "team-tourn"]
[EventRounds "14"]
[EventCountry "ESP"]
[SourceVersionDate "2011.03.15"]
[WhiteTeam "Alcorcon Diagonal"]
[BlackTeam "Alcala de Henares"]
[WhiteTeamCountry "ESP"]
[BlackTeamCountry "ESP"]

1. d4 d5 2. Nf3 e6 3. c4 c6 4. g3 dxc4 5. Bg2 b5 6. Nc3 Bb7 7. a4 a6 8. O-O Nd7 9. e4 b4 10. Ne2 a5 11. Qc2 Nb6 12. Ne5 b3 13. Qc3 Bb4 14. Qf3 Qf6 15. Bf4 c5 16. Rfc1 Ba6 17. d5 Rc8 18. Rd1 Nh6 19. dxe6 Qxe6 20. Qh5 Ra8 21. Bh3 Qf6 22. Bxh6 gxh6 23. Ng4 Qg5 24. Qxh6 Qxh6 25. Nxh6 c3 26. Nxc3 Bxc3 27. bxc3 b2 28. Rab1 Nc4 29. Bf1 Rb8 30. Bxc4 Bxc4 31. Rd2 Bb3 32. Rdxb2 c4 33. Rd2 Rb6 34. Nf5 O-O 35. Nd4 Rfb8 36. Rdb2 Kf8 37. f4 Ke7 38. Kf2 Kd6 39. Ke3 Kc5 40. Ra1 h5 41. f5 f6 42. Kf4 Rg8 43. h3 Rb7 44. Rab1 Rgb8 45. g4 hxg4 46. hxg4 Rb6 47. Ra1 Rh8 48. Ne6+ Kc6 49. Rab1 Rhb8 50. g5 fxg5+ 51. Kxg5 Bxa4 52. Rxb6+ Rxb6 53. Ra1 Bb5 54. Rxa5 Kd6 55. Kf6 Rb7 56. e5+ 1-0

[Event "Madrid-chT 2425"]
[Site "Madrid"]
[Date "2025.03.02"]
[Round "12.5"]
[White "Cubi Banos, Fernando"]
[Black "Lozano Ramirez, Nestor Favian"]
[Result "0-1"]
[WhiteElo "1784"]
[BlackElo "2229"]
[PlyCount "84"]
[GameId "2151992746361102"]
[EventDate "2024.11.24"]
[EventType "team-tourn"]
[EventRounds "14"]
[EventCountry "ESP"]
[SourceVersionDate "2011.03.15"]
[WhiteTeam "Alcala de Henares"]
[BlackTeam "Alcorcon Diagonal"]
[WhiteTeamCountry "ESP"]
[BlackTeamCountry "ESP"]

1. d4 g6 2. c4 Bg7 3. Nc3 c5 4. e3 Nf6 5. Nf3 O-O 6. Be2 b6 7. O-O Bb7 8. d5 d6 9. Qc2 e5 10. e4 h6 11. Be3 Bc8 12. a3 Ng4 13. Qd2 f5 14. h3 Nxe3 15. fxe3 Nd7 16. Nh2 Nf6 17. exf5 gxf5 18. Rf2 a6 19. Raf1 Nh7 20. Bd3 e4 21. Be2 Ra7 22. Bh5 Qg5 23. Bd1 Be5 24. Ne2 Rg7 25. Nf4 Qg3 26. Kh1 Kh8 27. Qe1 Rfg8 28. Re2 Bxf4 29. exf4 Qd3 30. b3 b5 31. Re3 Qd4 32. Rf2 bxc4 33. bxc4 Qxc4 34. Rc3 Qd4 35. Qd2 Rg3 36. Rxg3 Rxg3 37. a4 Rd3 38. Qa5 Rxd1+ 39. Nf1 Qxf2 40. Qd8+ Kg7 41. Qe7+ Kg8 42. Qe8+ Nf8 0-1

[Event "Madrid-chT 2425"]
[Site "Madrid"]
[Date "2025.03.02"]
[Round "12.6"]
[White "Blazquez Sanz, Oscar"]
[Black "Ksiri Crihana, Christian Elias"]
[Result "1-0"]
[WhiteElo "1979"]
[BlackElo "1689"]
[PlyCount "107"]
[GameId "2151999250039064"]
[EventDate "2024.11.24"]
[EventType "team-tourn"]
[EventRounds "14"]
[EventCountry "ESP"]
[SourceVersionDate "2011.03.15"]
[WhiteTeam "Alcorcon Diagonal"]
[BlackTeam "Alcala de Henares"]
[WhiteTeamCountry "ESP"]
[BlackTeamCountry "ESP"]

1. e4 c5 2. Nf3 d6 3. d4 cxd4 4. Nxd4 Nf6 5. Nc3 a6 6. h3 e5 7. Nf3 Be7 8. g4 h6 9. Rg1 Be6 10. g5 hxg5 11. Nxg5 Bd7 12. Bc4 Rf8 13. Nd5 Nc6 14. Nxf6+ gxf6 15. Nxf7 Qa5+ 16. Bd2 Qc5 17. Qh5 Bc8 18. Nxe5+ Kd8 19. Nf7+ Kc7 20. Qxc5 dxc5 21. Bf4+ Kb6 22. Rg3 Ka7 23. Nd6 Nd4 24. Nxc8+ Raxc8 25. O-O-O Rfd8 26. c3 Ka8 27. Kb1 Nc6 28. Rxd8 Rxd8 29. Bd5 Bd6 30. Bxd6 Rxd6 31. Bxc6 Rxc6 32. h4 Rd6 33. Kc2 Re6 34. Re3 Kb8 35. f4 Kc7 36. h5 f5 37. e5 c4 38. Rg3 Re7 39. h6 Re8 40. Rg7+ Kc6 41. h7 Rh8 42. Kd2 Kd5 43. Ke3 b5 44. Rd7+ Ke6 45. Rd6+ Ke7 46. Rxa6 Kf7 47. Kd4 Rd8+ 48. Rd6 Re8 49. Kd5 Kg7 50. Rd7+ Kh8 51. e6 b4 52. e7 Kxh7 53. Kd6 bxc3 54. bxc3 1-0